Strategic public sector property asset management (Record no. 121303)

MARC details
000 -LEADER
fixed length control field 01533cad a22002535a 4500
001 - CONTROL NUMBER
control field 121303
008 - FIXED-LENGTH DATA ELEMENTS--GENERAL INFORMATION
fixed length control field 230110s2021 xxk fo 000 0 eng d
020 ## - INTERNATIONAL STANDARD BOOK NUMBER
International Standard Book Number 9781783214280
041 0# - LANGUAGE CODE
Language code of text/sound track or separate title eng
110 2# - MAIN ENTRY--CORPORATE NAME
Corporate name or jurisdiction name as entry element Royal Institution of Chartered Surveyors
9 (RLIN) 4900
245 00 - TITLE STATEMENT
Title Strategic public sector property asset management
Remainder of title RICS practice information
Medium [electronic resource]
250 ## - EDITION STATEMENT
Edition statement 3rd.
260 ## - PUBLICATION, DISTRIBUTION, ETC.
Place of publication, distribution, etc. London,
Name of publisher, distributor, etc. RICS,
Date of publication, distribution, etc. September 2021
300 ## - PHYSICAL DESCRIPTION
Extent 50p.
490 ## - SERIES STATEMENT
Series statement RICS practice information
520 ## - SUMMARY, ETC.
Summary, etc. Supersedes 2nd edition ISBN 9781842197691.
520 ## - SUMMARY, ETC.
Summary, etc. This RICS document is aimed at those engaged in strategic property asset management activities in the public sector, globally. It considers the changing nature of the role and expectation real estate plays, and indicates how an organisation should use data to support organisational objectives and inform the strategic management of assets. There will be no going back to the ‘old’ normal for public sector real estate. It will be up to our profession to shape its recovery, effect positive change, keep it relevant and demonstrate the value it delivers. This RICS document will support and aid this.
590 ## - LOCAL NOTE (RLIN)
Local note KA
651 #4 - SUBJECT ADDED ENTRY--GEOGRAPHIC NAME
Geographic name International
690 ## - LOCAL SUBJECT ADDED ENTRY--TOPICAL TERM (OCLC, RLIN)
Topical term or geographic name as entry element Property management
9 (RLIN) 6262
700 ## - ADDED ENTRY--PERSONAL NAME
Personal name Thompson, Brian
856 ## - ELECTRONIC LOCATION AND ACCESS
Uniform Resource Identifier <a href="https://www.rics.org/profession-standards/rics-standards-and-guidance/sector-standards/real-estate-standards/strategic-public-sector-property-asset-management-3rd-edition">https://www.rics.org/profession-standards/rics-standards-and-guidance/sector-standards/real-estate-standards/strategic-public-sector-property-asset-management-3rd-edition</a>
Public note Available free on RICS.org
942 ## - ADDED ENTRY ELEMENTS (KOHA)
Suppress in OPAC 0
Source of classification or shelving scheme Dewey Decimal Classification
Holdings
Withdrawn status Lost status Source of classification or shelving scheme Damaged status Not for loan Home library Current library Shelving location Date acquired Total Checkouts Date last seen Koha item type
    Dewey Decimal Classification     Virtual Virtual Online 17/01/2023   25/03/2024 Online material